000 00614nam a22001937a 4500
999 _c21303
_d21303
003 AR-CdUCM
008 190411b ||||| |||| 00| 0 spa d
040 _aMUNICIPALIDAD PROVINCIAL DEL CUSCO
_cBIBLIOTECA MUNICIPAL DEL CUSCO
082 _aEP/869/T13
_bT13
100 _aTaipe Haqquehua, Eugenio
_944449
245 _aCuentos leyendas y mitos de Quispicanchi /
260 _aCusco ;
_bSan Juan,
_c2017.
300 _a78 Páginas. :
_bilustraciones ;
_c29 cm.
650 _aLiteratura infantil
_9588
650 _aLeyendas
_92226
650 _aLiteratura cusqueña
_944463
942 _2ddc
_cLIBROS
945 _aRoel